000 00548nam a2200205 a 4500
001 BRCA_7647
005 20190320205927.0
008 260713s1957----enka######---#000-0#eng-#
041 _aeng
044 _aenk
050 4 _aN7572
_b.C53 1957
100 1 _aClark, Kenneth Mckenzie
_cSir
_918857
245 1 0 _aThe nude
_ba study of ideal art
_cKenneth Clark.
260 _aLondres
_bJ. Murray
_c1957
300 _axxiii, 407 p.
_bil., 298 láminas
_c24 cm.
500 _aT61
650 1 4 _aDesnudo en el arte
_918858
902 _aGFM
942 _2lcc
_cB
999 _c7321
_d7321